Sử học hiện đại và lịch sử xã hội /

Αποθηκεύτηκε σε:
Λεπτομέρειες βιβλιογραφικής εγγραφής
Κύριος συγγραφέας: Trần Thị Bích Ngọc, TS.
Μορφή: Άρθρο
Γλώσσα:Vietnamese
Θέματα:
Ετικέτες: Προσθήκη ετικέτας
Δεν υπάρχουν, Καταχωρήστε ετικέτα πρώτοι!
Thư viện lưu trữ: Thư viện Trường Đại học Đà Lạt
LEADER 00801nam a2200265 4500
001 DLU110119049
005 ##20110327
040 # # |a DLU  |b vie 
041 # # |a vie 
044 # # |a vn 
100 # # |a Trần Thị Bích Ngọc,   |c TS. 
245 # # |a Sử học hiện đại và lịch sử xã hội /  |c Trần Thị Bích Ngọc. 
653 # # |a Lịch sử thế giới 
653 # # |a Lịch sử xã hội 
653 # # |a Sử luận 
773 # # |t Tạp chí Khoa học Xã hội Việt Nam  |g Số 10(122), 2008, tr. 55-77 
920 # # |a Phòng Tạp chí -- Trung tâm Thông tin - Thư viện Trường Đại học Đà Lạt 
994 # # |a DLU 
900 # # |a True 
911 # # |a Nguyễn Thị Linh Chi 
925 # # |a G 
926 # # |a A 
927 # # |a BB 
980 # # |a Thư viện Trường Đại học Đà Lạt